000 00362nam a2200133Ia 4500
008 231129s9999||||xx |||||||||||||| ||spa||
020 _a84-206-2296-6
040 _bspa
082 _a193 W831b
100 _aBrand Gerd
245 0 _aLos textos fundamentales de Ludwig Wittgenstein
264 _aAlianza
942 _2ddc
_cBKS
999 _c20091
_d20091